| 000 | 00486 a2200157 4500 | ||
|---|---|---|---|
| 020 | _a2980087564 | ||
| 082 | _a297.07 | ||
| 090 |
_c7187 _d7187 |
||
| 100 | _aKifayatullah, Mufti Muhammad | ||
| 245 |
_aLesson in Islam _bTalimul Islam _cKifayatullah, Mufti Muhammad |
||
| 260 |
_aCanada _bEditions Islamiques d'Amerique _c1989 |
||
| 300 |
_a183 p. _c22 cm. |
||
| 500 | _aIncludes references | ||
| 650 | _a1. Islamic and Education. 2. Islamic--Study and Teaching | ||
| 942 |
_cBK _k297.07 KIF |
||
| 999 |
_c10990 _d10990 |
||